000 00697nam a22002297a 4500
999 _c4468
_d4468
003 AR-CdUCM
008 190308b ||||| |||| 00| 0 spa d
020 _a84-499-6409-1
040 _aMUNICIPALIDAD PROVINCIAL DEL CUSCO
_cBIBLIOTECA MUNICIPAL DEL CUSCO
041 _hfre
082 _a848.9 /
_bM29
100 _aMauriac, François
_97200
245 _aNudo de víboras /
260 _aBarcelona :
_bEdiciones Orbis,
_bHyspamerica ediciones,
_c1982.
300 _a207 páginas ;
_c20 cm.
440 _aLos premios Nobel.
_n4
_914039
650 _aNovelas francesas
_9571
650 _aSiglo XX
_98
700 _aGutiérrez, Fernando (traductor)
_911010
942 _2ddc
_cLIBROS
945 _azta